00686nam a2200205Ia 4500003000400000005001700004008004100021020001500062040001800077041000800095082002100103100003200124245004900156250001200205260004200217300002400259942003400283999001900317952014400336OSt20250116095652.0210716s1985 xx 000 0 und d a0373451768 cAIMIT LIBRARY aeng a808.83 21bMILL aMiller, Linda Lael.9193621 aPart of the bargain /cBy Linda Lael Miller. a1st ed. aNew York :bSilhouette books ;c1985. a249p. ;bPBc17 cm. 2ddccBKe1st ed.k808.83 MILL c200187d200187 00102ddc40708MBAaAIMITbAIMITd2021-07-16iBill no:; Bill dt:1900-01-00l0o808.83 MILLpMBA02752r2026-05-23 00:00:00w2021-07-16yBK